Top 40 -- Largest 'Saint' City in Each Country - Statistics

General Stats
  • This quiz has been taken 61 times
  • The average score is 20 of 40
Answer Stats
# Population Country Answer % Correct
6 2,450,000 Costa Rica San José
100%
1 22,600,000 Brazil São Paulo
100%
2 8,400,000 Chile Santiago
98%
16 431,411 Cuba Santiago de Cuba
98%
34 51,339 Panama Santiago de Veraguas
98%
5 3,900,000 Dominican Republic Santo Domingo
98%
18 334,826 Ecuador Santo Domingo de los Colorados
98%
9 1,580,000 El Salvador San Salvador
96%
4 6,350,000 Russia Saint Petersburg
95%
3 7,500,000 United States San Francisco
93%
8 1,910,000 Puerto Rico San Juan
91%
25 155,965 Guatemala San Juan Sacatepéquez
91%
7 1,960,000 Bolivia Santa Cruz
80%
36 41,346 Portugal Santa Cruz
80%
15 435,444 Spain Santa Cruz de Tenerife
80%
31 66,888 São Tomé and Principe São Tomé
70%
24 169,944 Cote d'Ivoire San-Pédro
64%
17 375,797 France Saint-Étienne
52%
20 254,171 Senegal Saint-Louis
50%
11 1,330,000 Honduras San Pedro Sula
50%
10 1,410,000 Mexico San Luis Potosi
48%
12 1,110,00 Argentina San Miguel de Tucumán
45%
22 191,733 Réunion Saint-Denis
38%
23 173,388 Switzerland St. Gallen
36%
32 59,767 Austria Sankt Pölten
25%
13 496,800 Colombia Santa Marta
23%
40 35,822 Jersey St. Helier
20%
29 75,537 United Kingdom St. Albans
18%
27 111,903 Belgium Sint-Niklaas
16%
14 492,480 Canada St. Catharines - Niagara
16%
35 48,838 Trinidad and Tobago San Fernando
13%
37 38,615 Malta San Pawl Il-Baħar
11%
19 284,600 Venezuela San Cristóbal
9%
33 51,732 French Guiana Saint-Laurent-du-Maroni
7%
39 37,965 Nicaragua San Rafael del Sur
7%
21 244,518 Philippines San Pablo
5%
26 122,747 Haiti Saint-Marc
4%
28 81,400 Italy San Benedetto del Tronto - Grottammare
2%
38 38,553 Uruguay San José de Mayo
2%
30 73,700 Peru San Vicente de Cañete
0%
No matching quizzes found
Score Distribution
Percent of People with Each Score
Percentile by Number Answered
Your Score History
You have not taken this quiz